[Event "Rated Blitz tournament autumn21"]
[Site "?"]
[Date "2021.10.23"]
[Round "?"]
[White "RusChessCoach"]
[Black "MischieviousPawn"]
[Result "1-0"]
[WhiteElo "2451"]
[BlackElo "2426"]
[PlyCount "31"]
[EventDate "2021.??.??"]
[EventType "blitz"]

1. e4 e5 2. Nf3 d5 3. Nxe5 Bd6 4. d4 dxe4 5. Nc4 Nf6 6. Nc3 Nc6 7. d5 Ne5 8.
Nxd6+ Qxd6 9. h3 Bf5 10. Nb5 Qd7 11. d6 O-O 12. Nxc7 Rad8 13. Bf4 Ng6 14. Bg3
a6 15. Bc4 Nh5 16. Qxh5 {Normal} 1-0

[Event "Rated Blitz game"]
[Site "?"]
[Date "2021.10.23"]
[Round "?"]
[White "NormWeinstein"]
[Black "SerialDrinker"]
[Result "1-0"]
[WhiteElo "2478"]
[BlackElo "2307"]
[PlyCount "53"]
[EventDate "2021.??.??"]
[EventType "blitz"]

1. e4 e5 2. Nf3 d5 3. d4 dxe4 4. Nxe5 Bd6 5. Bf4 f5 6. Qh5+ g6 7. Nxg6 Nf6 8.
Qh4 Bxf4 9. Nxf4 Qxd4 10. Nc3 O-O 11. Be2 Nc6 12. O-O Qb4 13. Rab1 Qe7 14. Rfd1
Be6 15. Rd2 Ne5 16. Rbd1 Rf7 17. h3 Rg7 18. Kh1 c6 19. Rd6 Ng6 20. Qg5 Nf8 21.
Qh4 Re8 22. Nxe6 Nxe6 23. Bc4 Nd5 24. Qxe7 Rgxe7 25. Nxd5 cxd5 26. Bxd5 Kg7 27.
Bxe6 {Time forfeit} 1-0

[Event "Rated Blitz tournament autumn21"]
[Site "?"]
[Date "2021.10.23"]
[Round "?"]
[White "Blue_Flash"]
[Black "Artem_0degov"]
[Result "0-1"]
[WhiteElo "2318"]
[BlackElo "2603"]
[PlyCount "112"]
[EventDate "2021.??.??"]
[EventType "blitz"]

1. e4 e5 2. Nf3 d5 3. d4 dxe4 4. Nxe5 Bd6 5. Bc4 Bxe5 6. Qh5 Qe7 7. Qxe5 Nc6 8.
Qxe7+ Ngxe7 9. c3 Be6 10. Bxe6 fxe6 11. Nd2 e5 12. dxe5 Nxe5 13. O-O O-O-O 14.
Nxe4 Nd3 15. Bg5 Rhe8 16. Rad1 h6 17. Bh4 g5 18. Bg3 Nf5 19. Nf6 Re7 20. b3 Re6
21. Ng4 h5 22. Ne3 Nxg3 23. hxg3 h4 24. gxh4 gxh4 25. Nc4 h3 26. g3 Re2 27. Rd2
Rxd2 28. Nxd2 Ne5 29. Ne4 Nf3+ 30. Kh1 b6 31. Nf6 c6 32. Ng4 c5 33. Nh2 Nd2 34.
Rd1 Ne4 35. Rxd8+ Kxd8 36. Kg1 Nxc3 37. Nf1 Nxa2 38. Kh2 Nc1 39. Nd2 a5 40.
Kxh3 b5 41. g4 a4 42. bxa4 bxa4 43. Nb1 c4 44. g5 Ne2 45. g6 Ke7 46. Kg4 c3 47.
Na3 Nd4 48. f4 c2 49. Nxc2 Nxc2 50. Kg5 Nd4 51. f5 Nxf5 52. Kxf5 a3 53. Kg5 a2
54. Kh6 a1=Q 55. g7 Kf7 56. Kg5 Qf6+ {Normal} 0-1

[Event "Rated Blitz game"]
[Site "?"]
[Date "2021.10.23"]
[Round "?"]
[White "elGorditodeoro24"]
[Black "Veronica_Mars"]
[Result "1-0"]
[WhiteElo "2416"]
[BlackElo "2459"]
[PlyCount "87"]
[EventDate "2021.??.??"]
[EventType "blitz"]

1. e4 e5 2. Nf3 d5 3. d4 dxe4 4. Nxe5 Bd6 5. Bd2 Bxe5 6. dxe5 Nc6 7. Bb5 Nge7
8. O-O O-O 9. Bc3 Qxd1 10. Rxd1 Bg4 11. Re1 Bf5 12. Nd2 a6 13. Bxc6 Nxc6 14.
Nxe4 Rfe8 15. f4 Rad8 16. Nc5 b6 17. Nxa6 Bxc2 18. Nxc7 Re7 19. Nb5 Bd3 20. Nd6
f6 21. Rad1 Bc2 22. Rc1 Bg6 23. f5 Bh5 24. exf6 Rxe1+ 25. Bxe1 Rxd6 26. fxg7
Kxg7 27. Bg3 Rd1+ 28. Rxd1 Bxd1 29. Kf2 Bc2 30. Bc7 b5 31. g4 Kf6 32. Kg3 Nb4
33. a3 Nd3 34. Ba5 Kf7 35. Bc3 Nc5 36. Kf4 Na4 37. Bd4 Bb3 38. h4 Bd5 39. g5
Bb3 40. h5 Bc2 41. g6+ hxg6 42. fxg6+ Ke6 43. Kg5 Bd3 44. h6 {Normal} 1-0

[Event "Rated Blitz tournament autumn21"]
[Site "?"]
[Date "2021.10.23"]
[Round "?"]
[White "SouthAfricanOstrich"]
[Black "Maltinho"]
[Result "0-1"]
[WhiteElo "2292"]
[BlackElo "2579"]
[PlyCount "80"]
[EventDate "2021.??.??"]
[EventType "blitz"]

1. e4 e5 2. Nf3 d5 3. exd5 Bd6 4. Bc4 Nf6 5. O-O e4 6. Re1 O-O 7. Ng5 Bxh2+ 8.
Kxh2 Ng4+ 9. Kg1 Qxg5 10. Rxe4 Qh4 11. Rxg4 Bxg4 12. Qf1 Nd7 13. d4 Nf6 14. Nc3
Bf5 15. g3 Qh5 16. Bf4 Bg4 17. Qg2 Bf3 18. Qh2 Qg6 19. Bd3 Qh5 20. Re1 Qxh2+
21. Kxh2 Rac8 22. Be5 Nxd5 23. Nxd5 Bxd5 24. c4 Be6 25. f4 f6 26. f5 fxe5 27.
fxe6 exd4 28. Be4 c6 29. c5 Rfe8 30. Bf5 Re7 31. Rd1 Rd8 32. Kg2 g6 33. Bg4 d3
34. b4 d2 35. Kf2 Kg7 36. Ke2 Kf6 37. Rxd2 Rxd2+ 38. Kxd2 h5 39. Bh3 g5 40. g4
h4 {Normal} 0-1

[Event "Rated Blitz tournament autumn21"]
[Site "?"]
[Date "2021.10.23"]
[Round "?"]
[White "deathreaper1999"]
[Black "Artem_0degov"]
[Result "1-0"]
[WhiteElo "2405"]
[BlackElo "2594"]
[PlyCount "63"]
[EventDate "2021.??.??"]
[EventType "blitz"]

1. e4 e5 2. Nf3 d5 3. d3 dxe4 4. dxe4 Qxd1+ 5. Kxd1 Nf6 6. Bd3 Nc6 7. c3 Bg4 8.
Ke2 O-O-O 9. Bc2 Bc5 10. Be3 Bxe3 11. Kxe3 Bxf3 12. gxf3 Nh5 13. Na3 Nf4 14.
Nc4 f6 15. Rad1 g5 16. b4 a6 17. a4 b5 18. axb5 axb5 19. Nb2 Ne7 20. Nd3 c6 21.
Nxf4 exf4+ 22. Ke2 Ng6 23. Bb3 Ne5 24. Be6+ Kc7 25. Ra1 Ra8 26. Bb3 Rhd8 27. h4
Rxa1 28. Rxa1 Rd3 29. hxg5 fxg5 30. Ra7+ Kd6 31. Rxh7 Rd4 32. cxd4 {Normal} 1-0

[Event "Rated Blitz tournament autumn21"]
[Site "?"]
[Date "2021.10.23"]
[Round "?"]
[White "Kayrosas"]
[Black "Artem_0degov"]
[Result "0-1"]
[WhiteElo "2361"]
[BlackElo "2519"]
[PlyCount "66"]
[EventDate "2021.??.??"]
[EventType "blitz"]

1. e4 e5 2. Nf3 d5 3. exd5 e4 4. Qe2 Nf6 5. d3 Bb4+ 6. c3 O-O 7. dxe4 Bd6 8.
Bg5 Re8 9. Nbd2 h6 10. Bxf6 Qxf6 11. O-O-O c6 12. dxc6 Nxc6 13. Nc4 Bf4+ 14.
Kb1 Bf5 15. Nfd2 b5 16. Qf3 bxc4 17. exf5 Bxd2 18. Rxd2 Re1+ 19. Rd1 Rxd1+ 20.
Qxd1 Rd8 21. Qc2 Ne5 22. Be2 Qg5 23. Rd1 Rxd1+ 24. Qxd1 Qxf5+ 25. Ka1 Qxf2 26.
Qf1 Qe3 27. a3 Nd3 28. Qd1 g6 29. b3 Nf2 30. Qd8+ Kh7 31. Qd4 Qc1+ 32. Ka2 Qc2+
33. Ka1 cxb3 {Normal} 0-1

[Event "Rated Blitz tournament autumn21"]
[Site "?"]
[Date "2021.10.23"]
[Round "?"]
[White "NarNar"]
[Black "Siebenschlaefer"]
[Result "1-0"]
[WhiteElo "2369"]
[BlackElo "2403"]
[PlyCount "87"]
[EventDate "2021.??.??"]
[EventType "blitz"]

1. e4 e5 2. Nf3 d5 3. exd5 e4 4. Qe2 Nf6 5. d3 Bb4+ 6. Nbd2 O-O 7. dxe4 Nxe4 8.
Qxe4 Re8 9. Ne5 Bd6 10. Ndc4 Nd7 11. Bd3 g6 12. f4 f6 13. O-O fxe5 14. fxe5
Nxe5 15. Nxd6 cxd6 16. Bf4 Bf5 17. Qd4 Bxd3 18. cxd3 Qb6 19. Qxb6 axb6 20. a3
Nxd3 21. Bxd6 Rad8 22. Bc7 Rxd5 23. Bxb6 Nxb2 24. Rac1 Re2 25. Rc8+ Kg7 26.
Rc7+ Kh6 27. h4 Rdd2 28. Rf2 Rd1+ 29. Kh2 Rxf2 30. Be3+ Kh5 31. Rxh7+ Kg4 32.
Bxf2 Rd2 33. Ba7 Nd3 34. Rxb7 Nf4 35. Be3 Rxg2+ 36. Kh1 Ra2 37. Rb4 Kf3 38.
Bxf4 Ra1+ 39. Kh2 Ra2+ 40. Kh3 Rxa3 41. Bh2 Rc3 42. Rf4+ Ke2+ 43. Kg4 Ke3 44.
Rf3+ {Normal} 1-0

[Event "Rated Blitz game"]
[Site "?"]
[Date "2021.10.23"]
[Round "?"]
[White "alimente"]
[Black "khalid_ontawar"]
[Result "1-0"]
[WhiteElo "2532"]
[BlackElo "2486"]
[PlyCount "61"]
[EventDate "2021.??.??"]
[EventType "blitz"]

1. e4 e5 2. Nf3 d5 3. exd5 e4 4. Ne5 Qxd5 5. d4 exd3 6. Nxd3 Qe6+ 7. Be2 Bd6 8.
O-O Nf6 9. Bf4 O-O 10. Nc3 Nc6 11. Bxd6 Qxd6 12. Nb5 Qd8 13. Bf3 Bd7 14. c3 a6
15. Na3 Bf5 16. Nc5 Qc8 17. Bxc6 bxc6 18. Qf3 Nd5 19. Nc4 Re8 20. Rfe1 Be6 21.
Ne5 Qb8 22. b4 Qb6 23. a3 a5 24. Nc4 Qb5 25. Nxa5 Rxa5 26. Nxe6 Raa8 27. Ng5 f6
28. Qh5 Ne7 29. Qxh7+ Kf8 30. Ne6+ Kf7 31. Qxg7# {Normal} 1-0

[Event "Rated Blitz game"]
[Site "?"]
[Date "2021.10.23"]
[Round "?"]
[White "trio-f"]
[Black "alaeldin1212"]
[Result "0-1"]
[WhiteElo "2528"]
[BlackElo "2407"]
[PlyCount "52"]
[EventDate "2021.??.??"]
[EventType "blitz"]

1. e4 e5 2. Nf3 d5 3. Nxe5 Bd6 4. d4 dxe4 5. Nc4 Nf6 6. Be2 Nc6 7. O-O Nxd4 8.
Bg5 O-O 9. Nc3 Bf5 10. Nd5 Nxe2+ 11. Qxe2 Bxh2+ 12. Kxh2 Qxd5 13. Bxf6 gxf6 14.
Rad1 Qc5 15. Ne3 Rad8 16. Qh5 Qe5+ 17. g3 Be6 18. Qh4 Rxd1 19. Rxd1 Re8 20. b3
Qg5 21. Qxe4 f5 22. Qxb7 f4 23. gxf4 Qh5+ 24. Kg1 Qg6+ 25. Kf1 Bh3+ 26. Ke1 Bg4
{Time forfeit} 0-1

[Event "Rated Blitz tournament autumn21"]
[Site "?"]
[Date "2021.10.23"]
[Round "?"]
[White "The_naked_Director"]
[Black "Artem_0degov"]
[Result "1-0"]
[WhiteElo "2439"]
[BlackElo "2526"]
[PlyCount "39"]
[EventDate "2021.??.??"]
[EventType "blitz"]

1. e4 e5 2. Nf3 d5 3. exd5 e4 4. Qe2 Nf6 5. Nc3 Be7 6. Nxe4 O-O 7. d3 Re8 8.
Bd2 Nxd5 9. c4 Nf6 10. Bc3 Nc6 11. O-O-O Bf5 12. h3 Bb4 13. Nxf6+ gxf6 14. Qd2
Bxc3 15. Qxc3 a6 16. g4 Be6 17. Bg2 Qd7 18. Rhe1 b5 19. g5 b4 20. Qxf6 {Normal}
1-0

[Event "Rated Blitz game"]
[Site "?"]
[Date "2021.10.23"]
[Round "?"]
[White "DarianLopezRodriguez"]
[Black "jeruchess"]
[Result "1-0"]
[WhiteElo "2442"]
[BlackElo "2345"]
[PlyCount "67"]
[EventDate "2021.??.??"]
[EventType "blitz"]

1. e4 e5 2. Nf3 d5 3. exd5 e4 4. Qe2 Nf6 5. Nc3 Be7 6. Nxe4 Nxd5 7. d3 O-O 8.
c4 Nf6 9. Bd2 c5 10. O-O-O Nc6 11. Bc3 Bg4 12. h3 Bxf3 13. Qxf3 Nd4 14. Qe3 a6
15. g4 b5 16. g5 Nxe4 17. dxe4 Bxg5 18. f4 Bh6 19. Rg1 bxc4 20. Bxc4 Rb8 21.
Rg4 Kh8 22. Rdg1 Qb6 23. e5 Nb5 24. b3 Nxc3 25. Qxc3 Qb4 26. Qg3 Qa3+ 27. Kb1
g6 28. Rh4 Rfd8 29. Qc3 Bg7 30. Bxf7 c4 31. Bxg6 cxb3 32. Rxh7+ Kg8 33. Qc4+
Kf8 34. Qf7# {Normal} 1-0

[Event "Rated Blitz game"]
[Site "?"]
[Date "2021.10.23"]
[Round "?"]
[White "Jakob19"]
[Black "ahoramahora"]
[Result "1/2-1/2"]
[WhiteElo "2593"]
[BlackElo "2421"]
[PlyCount "73"]
[EventDate "2021.??.??"]
[EventType "blitz"]

1. e4 e5 2. Nf3 d5 3. exd5 e4 4. Qe2 Nf6 5. d3 Qxd5 6. Nc3 Bb4 7. Bd2 Bxc3 8.
Bxc3 O-O 9. dxe4 Nxe4 10. Rd1 Nxc3 11. Rxd5 Nxe2 12. Bxe2 Be6 13. Rd2 Nc6 14.
O-O Rad8 15. Rfd1 Rxd2 16. Rxd2 Rd8 17. Rxd8+ Nxd8 18. Nd4 Bxa2 19. b3 c5 20.
Nb5 Nc6 21. Nc3 Nb4 22. Kf1 a6 23. Bf3 b5 24. Ke2 c4 25. Nxa2 Nxa2 26. bxc4
bxc4 27. Bd5 Nb4 28. Bxc4 Nxc2 29. Bxa6 Nd4+ 30. Ke3 Nf5+ 31. Kf4 Ne7 32. Bc4
Kf8 33. h4 h6 34. g3 Ng6+ 35. Ke3 Ne5 36. Be2 Ke7 37. f4 {Normal} 1/2-1/2

[Event "Rated Blitz tournament autumn21"]
[Site "?"]
[Date "2021.10.23"]
[Round "?"]
[White "Dr_Martic"]
[Black "MischieviousPawn"]
[Result "1-0"]
[WhiteElo "2597"]
[BlackElo "2371"]
[PlyCount "67"]
[EventDate "2021.??.??"]
[EventType "blitz"]

1. e4 e5 2. Nf3 d5 3. exd5 e4 4. Ng1 Nf6 5. Nc3 Bb4 6. Bc4 c6 7. dxc6 Nxc6 8.
Nge2 O-O 9. h3 Bf5 10. O-O a6 11. d3 b5 12. dxe4 Bxh3 13. Qxd8 Raxd8 14. Bxf7+
Rxf7 15. gxh3 Bc5 16. Be3 Bxe3 17. fxe3 b4 18. Nd5 Nxe4 19. Rxf7 Kxf7 20. Rf1+
Kg8 21. Rd1 Rf8 22. Nd4 Ne5 23. Rf1 Rxf1+ 24. Kxf1 a5 25. Ke2 Kf7 26. Nf4 g5
27. Nd3 Nc4 28. Nf3 h6 29. Nfe5+ Nxe5 30. Nxe5+ Ke6 31. Nc6 Ng3+ 32. Kf3 Nf5
33. Nxa5 Kd5 34. e4+ {Normal} 1-0

[Event "Rated Blitz game"]
[Site "?"]
[Date "2021.10.23"]
[Round "?"]
[White "maldaj"]
[Black "Dzon_Vejn"]
[Result "1-0"]
[WhiteElo "2516"]
[BlackElo "2513"]
[PlyCount "55"]
[EventDate "2021.??.??"]
[EventType "blitz"]

1. e4 e5 2. Nf3 d5 3. exd5 e4 4. Qe2 Nf6 5. d3 Qxd5 6. Nc3 Bb4 7. Bd2 Bxc3 8.
Bxc3 Nbd7 9. O-O-O Qxa2 10. dxe4 O-O 11. b3 Re8 12. e5 c6 13. Qc4 Nd5 14. Bb2
N7b6 15. Qh4 Bf5 16. Bd3 Bxd3 17. Rxd3 a5 18. e6 Rxe6 19. Ng5 Rh6 20. Qd4 Rg6
21. h4 h6 22. Rg3 c5 23. Qe5 Nf6 24. Ne4 Rxg3 25. Nxf6+ gxf6 26. Qxg3+ Kf8 27.
Qd6+ Kg8 28. Qxf6 {Normal} 1-0

[Event "Rated Blitz game"]
[Site "?"]
[Date "2021.10.23"]
[Round "?"]
[White "Ruslan_Dzhumabaev"]
[Black "alaeldin1212"]
[Result "0-1"]
[WhiteElo "2439"]
[BlackElo "2386"]
[PlyCount "44"]
[EventDate "2021.??.??"]
[EventType "blitz"]

1. e4 e5 2. Nf3 d5 3. Nc3 dxe4 4. Nxe4 f5 5. Nxe5 Qd4 6. Qh5+ g6 7. Nxg6 hxg6
8. Qxg6+ Kd8 9. Ng5 Nh6 10. d3 Bb4+ 11. c3 Bxc3+ 12. bxc3 Qxc3+ 13. Kd1 Qxa1
14. Be2 Bd7 15. Bf3 Ba4+ 16. Kd2 Qxa2+ 17. Ke3 Nc6 18. Qf6+ Kd7 19. Bxc6+ Bxc6
20. Qg7+ Kd6 21. Qd4+ Bd5 22. Ba3+ Qxa3 {Normal} 0-1

[Event "Rated Blitz game"]
[Site "?"]
[Date "2021.10.23"]
[Round "?"]
[White "tzup"]
[Black "sillierchess"]
[Result "1-0"]
[WhiteElo "2340"]
[BlackElo "2453"]
[PlyCount "69"]
[EventDate "2021.??.??"]
[EventType "blitz"]

1. e4 e5 2. Nf3 d5 3. Nxe5 Bd6 4. d4 dxe4 5. Nc4 h6 6. Nc3 Nf6 7. Be2 Nc6 8.
O-O Nxd4 9. Ne3 O-O 10. Ned5 Nxe2+ 11. Qxe2 Nxd5 12. Nxd5 Bxh2+ 13. Kxh2 Qxd5
14. Rd1 Qe5+ 15. g3 Bf5 16. Bf4 Qc5 17. b4 Qc3 18. Rab1 Rad8 19. Rxd8 Rxd8 20.
Rb3 Qc6 21. b5 Qc5 22. a4 Rd4 23. Be3 Qd6 24. Bxd4 Qxd4 25. Qe3 Qxa4 26. Qf4
Be6 27. Re3 Qxb5 28. Qxc7 Qh5+ 29. Kg1 Qd1+ 30. Kh2 Bg4 31. Rxe4 Bf3 32. Qc8+
Kh7 33. Qf5+ g6 34. Qxf7+ Kh8 35. Re8# {Normal} 1-0

[Event "Rated Blitz tournament autumn21"]
[Site "?"]
[Date "2021.10.23"]
[Round "?"]
[White "Taktychenko"]
[Black "MischieviousPawn"]
[Result "0-1"]
[WhiteElo "2441"]
[BlackElo "2385"]
[PlyCount "46"]
[EventDate "2021.??.??"]
[EventType "blitz"]

1. e4 e5 2. Nf3 d5 3. d3 dxe4 4. dxe4 Qxd1+ 5. Kxd1 Nc6 6. Be3 Bg4 7. c3 O-O-O+
8. Nbd2 f5 9. h3 Bxf3+ 10. gxf3 f4 11. Bc4 fxe3 12. fxe3 Nf6 13. Ke2 g6 14. b4
Bh6 15. a4 Rhe8 16. a5 a6 17. Nb3 Nh5 18. Rhg1 Rd6 19. Bd5 Ne7 20. Bc4 Red8 21.
Ra2 Rc6 22. Bd5 Nxd5 23. exd5 Rxc3 {Normal} 0-1

[Event "Rated Blitz tournament autumn21"]
[Site "?"]
[Date "2021.10.23"]
[Round "?"]
[White "Taktychenko"]
[Black "MischieviousPawn"]
[Result "1-0"]
[WhiteElo "2422"]
[BlackElo "2386"]
[PlyCount "33"]
[EventDate "2021.??.??"]
[EventType "blitz"]

1. e4 e5 2. Nf3 d5 3. exd5 e4 4. Qe2 Nf6 5. d3 Be7 6. dxe4 O-O 7. Nc3 c6 8. Be3
Bb4 9. Qc4 Qa5 10. Bd2 cxd5 11. Nxd5 Bxd2+ 12. Nxd2 Ng4 13. h3 Ne5 14. Qc3 Nbc6
15. Qxa5 Nxa5 16. f4 Nec6 17. b4 {Normal} 1-0

[Event "Rated Blitz tournament autumn21"]
[Site "?"]
[Date "2021.10.23"]
[Round "?"]
[White "marathonodromos"]
[Black "Maltinho"]
[Result "0-1"]
[WhiteElo "2220"]
[BlackElo "2537"]
[PlyCount "46"]
[EventDate "2021.??.??"]
[EventType "blitz"]

1. e4 e5 2. Nf3 d5 3. d3 Bd6 4. Nc3 d4 5. Ne2 h5 6. c3 c5 7. Bg5 f6 8. Bd2 Be6
9. cxd4 cxd4 10. g3 Nc6 11. Bg2 Nge7 12. Nh4 g5 13. Nf3 h4 14. Qa4 h3 15. Bf1
Qd7 16. Nc1 g4 17. Ng1 Nb4 18. Qxd7+ Kxd7 19. Bxb4 Bxb4+ 20. Kd1 f5 21. exf5
Bd5 22. f3 gxf3 23. Nxh3 Nxf5 {Normal} 0-1

[Event "Rated Blitz tournament autumn21"]
[Site "?"]
[Date "2021.10.23"]
[Round "?"]
[White "RusChessCoach"]
[Black "Maltinho"]
[Result "0-1"]
[WhiteElo "2518"]
[BlackElo "2527"]
[PlyCount "144"]
[EventDate "2021.??.??"]
[EventType "blitz"]

1. e4 e5 2. Nf3 d5 3. Nxe5 Bd6 4. d4 dxe4 5. Nc4 Nf6 6. Nc3 O-O 7. h3 Nc6 8.
Bg5 Re8 9. Be2 Bf5 10. O-O Nxd4 11. Nd5 Nxe2+ 12. Qxe2 Be7 13. Bxf6 Qxd5 14.
Bxe7 Rxe7 15. Ne3 Qe6 16. Rfd1 c6 17. Qd2 Bg6 18. Qd6 Qxd6 19. Rxd6 f6 20. Rad1
Kf7 21. Rd8 Rxd8 22. Rxd8 Ke6 23. Kf1 Rd7 24. Ra8 b6 25. Ke2 Bh5+ 26. g4 Bg6
27. Rc8 c5 28. Rc6+ Ke7 29. Rc8 h5 30. Rg8 Kf7 31. Rc8 hxg4 32. hxg4 Ke7 33.
Rg8 Kd6 34. Rc8 Ke5 35. Nc4+ Kf4 36. Ne3 Bf7 37. Rh8 Be6 38. Rh4 g5 39. Rh6 Rf7
40. Rh8 Bxg4+ 41. Kd2 Bf3 42. Re8 Rd7+ 43. Ke1 g4 44. Re6 Kg5 45. c4 Rd3 46.
Re8 Kf4 47. Rf8 g3 48. Rxf6+ Ke5 49. Rf5+ Ke6 50. Rg5 gxf2+ 51. Kxf2 Rd2+ 52.
Kg3 Rxb2 53. Kf4 Rxa2 54. Rg6+ Kf7 55. Rc6 Ra3 56. Rc7+ Ke6 57. Rc6+ Kd7 58.
Rh6 Ra4 59. Ke5 Rb4 60. Rh7+ Kc6 61. Rh6+ Kb7 62. Kd5 Rb2 63. Rh7+ Ka6 64. Ke5
Rd2 65. Nd5 e3 66. Nxe3 Be2 67. Kf4 Rd4+ 68. Ke5 Bxc4 69. Nf5 Rd5+ 70. Ke4 Rxf5
71. Rh1 Bd5+ 72. Kxf5 Bxh1 {Normal} 0-1

[Event "Rated Blitz tournament autumn21"]
[Site "?"]
[Date "2021.10.23"]
[Round "?"]
[White "RusChessCoach"]
[Black "Artem_0degov"]
[Result "0-1"]
[WhiteElo "2534"]
[BlackElo "2517"]
[PlyCount "172"]
[EventDate "2021.??.??"]
[EventType "blitz"]

1. e4 e5 2. Nf3 d5 3. Nxe5 Bd6 4. d4 dxe4 5. Nc4 Nf6 6. Nc3 O-O 7. h3 Nc6 8.
Bg5 Re8 9. d5 Ne5 10. Nxd6 Qxd6 11. Be2 h6 12. Bh4 Ng6 13. Bg3 Qb6 14. Rb1 e3
15. O-O Bf5 16. Bd3 Bxd3 17. Qxd3 Rad8 18. fxe3 Rxe3 19. Bf2 Rxd3 20. Bxb6 Rxc3
21. bxc3 axb6 22. c4 Ne5 23. Rf4 Ned7 24. Re1 Nc5 25. Re7 Na6 26. g4 Kf8 27.
Re2 Ne8 28. h4 Nd6 29. g5 h5 30. g6 f6 31. a3 Nc5 32. Re3 Ra8 33. Kg2 Ra4 34.
Kf3 Rxc4 35. Rxc4 Nxc4 36. Rc3 Ne5+ 37. Kf4 Nxg6+ 38. Kg3 Ne5 39. Kf4 Ke7 40.
Re3 Kd6 41. Rg3 g6 42. c4 c6 43. dxc6 bxc6 44. Rg1 Ne6+ 45. Ke4 Kc5 46. Rf1 Ng4
47. Rc1 Nc7 48. a4 Ne8 49. Ra1 Nd6+ 50. Kd3 Ne5+ 51. Kc3 Ndxc4 52. Rg1 Nd6 53.
Rf1 Ne4+ 54. Kb3 Kd4 55. Rd1+ Nd3 56. Rg1 g5 57. Kc2 c5 58. hxg5 fxg5 59. Rh1
h4 60. Rb1 Nb4+ 61. Kb3 h3 62. Rd1+ Nd3 63. Kc2 c4 64. Rb1 h2 65. Rh1 g4 66.
Rxh2 g3 67. Rh8 g2 68. Rd8+ Ke3 69. Rg8 Nf4 70. a5 bxa5 71. Kb2 Kf3 72. Rxg2
Kxg2 73. Kc2 Kf3 74. Kd1 Ke3 75. Kc1 Kd4 76. Kb1 Kc5 77. Kb2 Kb4 78. Ka2 a4 79.
Kb1 a3 80. Ka1 Kb3 81. Kb1 c3 82. Ka1 Nc5 83. Kb1 Nfd3 84. Ka1 Na4 85. Kb1 c2+
86. Ka1 c1=Q# {Normal} 0-1

[Event "Rated Blitz tournament autumn21"]
[Site "?"]
[Date "2021.10.23"]
[Round "?"]
[White "Lightlike"]
[Black "Artem_0degov"]
[Result "1-0"]
[WhiteElo "2666"]
[BlackElo "2678"]
[PlyCount "109"]
[EventDate "2021.??.??"]
[EventType "blitz"]

1. e4 e5 2. Nf3 d5 3. Nxe5 Bd6 4. d4 dxe4 5. Nc4 Nf6 6. Nc3 O-O 7. Bg5 Be7 8.
Be2 Nc6 9. d5 Nxd5 10. Qxd5 Bxg5 11. Qxd8 Rxd8 12. Nxe4 Be7 13. c3 Bf5 14. Ng3
Be6 15. O-O a6 16. Rfd1 b5 17. Ne3 Ne5 18. a4 Rxd1+ 19. Bxd1 Rd8 20. axb5 axb5
21. Be2 c6 22. Rd1 Rxd1+ 23. Nxd1 Nc4 24. Bxc4 Bxc4 25. Ne3 Be6 26. Ngf5 Bd8
27. Nd4 Bd7 28. b4 g6 29. f4 Be7 30. Kf2 c5 31. bxc5 Bxc5 32. Nd5 Kg7 33. Ke3
f5 34. g3 Bc6 35. Nc7 Bb6 36. Kd2 b4 37. cxb4 Be4 38. Nce6+ Kf6 39. Nc5 Ke7 40.
Kc3 Bd5 41. Nd3 Be4 42. Ne5 Kd6 43. Nc4+ Kc7 44. Nxb6 Kxb6 45. Kc4 h6 46. h4
Kc7 47. Kc5 Kd7 48. b5 Ke7 49. b6 Bb7 50. Nb5 g5 51. Nd6 Bf3 52. b7 Bxb7 53.
Nxb7 gxh4 54. gxh4 Kf6 55. h5 {Normal} 1-0

[Event "Rated Blitz tournament autumn21"]
[Site "?"]
[Date "2021.10.23"]
[Round "?"]
[White "Steynic111"]
[Black "Maltinho"]
[Result "0-1"]
[WhiteElo "2505"]
[BlackElo "2529"]
[PlyCount "58"]
[EventDate "2021.??.??"]
[EventType "blitz"]

1. e4 e5 2. Nf3 d5 3. Nxe5 Bd6 4. d4 dxe4 5. Nc4 Nf6 6. Nxd6+ Qxd6 7. Be2 O-O
8. O-O Nc6 9. Be3 Re8 10. Nd2 Ne7 11. Nc4 Qe6 12. Ne5 Nf5 13. Bc4 Nd5 14. c3 c6
15. Qb3 f6 16. Rad1 fxe5 17. dxe5 Nfxe3 18. fxe3 Kh8 19. Bxd5 cxd5 20. Rxd5 Bd7
21. Rd6 Qxb3 22. axb3 Re7 23. b4 Bc6 24. c4 a6 25. e6 Rae8 26. Rf5 g6 27. Re5
Ba4 28. Rxe4 Kg7 29. c5 Bc6 {Normal} 0-1

[Event "Rated Blitz game"]
[Site "?"]
[Date "2021.10.23"]
[Round "?"]
[White "Schlangeniklas"]
[Black "ahoramahora"]
[Result "0-1"]
[WhiteElo "2426"]
[BlackElo "2404"]
[PlyCount "102"]
[EventDate "2021.??.??"]
[EventType "blitz"]

1. e4 e5 2. Nf3 d5 3. d4 dxe4 4. Nxe5 Nd7 5. Bf4 Nxe5 6. Bxe5 Nf6 7. Bc4 Bd6 8.
Bxd6 Qxd6 9. O-O Be6 10. Bxe6 Qxe6 11. Nc3 O-O-O 12. Re1 Rhe8 13. a4 h5 14. a5
Qd6 15. a6 b6 16. Nb5 Qd7 17. c4 Kb8 18. b4 c6 19. Nxa7 Kxa7 20. d5 cxd5 21. c5
bxc5 22. bxc5 Ng4 23. Qd4 Qc7 24. g3 Ne5 25. c6+ Ka8 26. Qb2 Nf3+ 27. Kf1 Nxe1
28. Kxe1 e3 29. f3 Qxc6 30. Rc1 Qd7 31. Qb6 Rb8 32. Qd4 Rec8 33. Ra1 Rc6 34. a7
Rb7 35. Qxg7 Rxa7 36. Qf8+ Rc8 37. Rxa7+ Kxa7 38. Qa3+ Kb7 39. Qb4+ Kc7 40.
Qc5+ Kd8 41. Qf8+ Qe8 42. Qd6+ Qd7 43. Qf8+ Kc7 44. Qc5+ Qc6 45. Qe7+ Kb8 46.
Qb4+ Qb7 47. Qd6+ Ka7 48. Qa3+ Qa6 49. Qe7+ Ka8 50. Qxf7 Rb8 51. Qxd5+ Rb7 {
Time forfeit} 0-1

[Event "Rated Blitz tournament autumn21"]
[Site "?"]
[Date "2021.10.23"]
[Round "?"]
[White "Ragehunter"]
[Black "Artem_0degov"]
[Result "1-0"]
[WhiteElo "2551"]
[BlackElo "2509"]
[PlyCount "79"]
[EventDate "2021.??.??"]
[EventType "blitz"]

1. e4 e5 2. Nf3 d5 3. exd5 e4 4. Qe2 Nf6 5. d3 Bb4+ 6. c3 O-O 7. dxe4 Bd6 8.
Bg5 Re8 9. Nbd2 h6 10. Bxf6 Qxf6 11. O-O-O c6 12. Nc4 Bf4+ 13. Kb1 Rxe4 14.
Qxe4 Bf5 15. Qxf5 Qxf5+ 16. Bd3 Qf6 17. d6 b5 18. Ncd2 Nd7 19. Ne4 Qd8 20. Rhe1
a5 21. g3 Be5 22. Nxe5 Nxe5 23. Nc5 Nd7 24. Nxd7 Qxd7 25. Re7 Qg4 26. Rde1 g6
27. h3 Qxh3 28. d7 Kg7 29. Be4 Rd8 30. Bxc6 Qf5+ 31. Ka1 Qxf2 32. a3 Qc5 33.
Re8 Rxd7 34. Bxd7 b4 35. cxb4 axb4 36. R8e3 bxa3 37. Rxa3 Qb4 38. Rd1 h5 39.
Ba4 Qb5 40. Bxb5 {Normal} 1-0

[Event "Rated Blitz tournament autumn21"]
[Site "?"]
[Date "2021.10.23"]
[Round "?"]
[White "amor4ati"]
[Black "vovaches"]
[Result "0-1"]
[WhiteElo "2319"]
[BlackElo "2468"]
[PlyCount "58"]
[EventDate "2021.??.??"]
[EventType "blitz"]

1. e4 e5 2. Nf3 d5 3. exd5 e4 4. Qe2 Nf6 5. d3 Qxd5 6. Nbd2 Nc6 7. dxe4 Qe6 8.
Nb3 Nxe4 9. Be3 Be7 10. O-O-O O-O 11. Kb1 a5 12. Nfd4 Nxd4 13. Nxd4 Qg6 14. h4
Bg4 15. f3 Ng3 16. Qc4 Nxh1 17. fxg4 Ng3 18. Bd3 Qxg4 19. Nf5 Qxd1+ 20. Bc1
Nxf5 21. Bxf5 g6 22. Bd3 b5 23. Qd4 Rad8 24. Qe3 Bxh4 25. b3 Rfe8 26. Qh6 Re1
27. Bxb5 Qxc1+ 28. Qxc1 Rxc1+ 29. Kxc1 Bg5+ {Normal} 0-1

[Event "Rated Blitz tournament autumn21"]
[Site "?"]
[Date "2021.10.23"]
[Round "?"]
[White "Taktychenko"]
[Black "MischieviousPawn"]
[Result "1-0"]
[WhiteElo "2409"]
[BlackElo "2373"]
[PlyCount "79"]
[EventDate "2021.??.??"]
[EventType "blitz"]

1. e4 e5 2. Nf3 d5 3. d3 dxe4 4. dxe4 Qxd1+ 5. Kxd1 Nc6 6. Bd3 Bg4 7. Nbd2
O-O-O 8. h3 Bh5 9. g4 Bg6 10. Ke2 f6 11. c3 h5 12. g5 h4 13. Nc4 Bh5 14. Bc2
Bc5 15. b4 Bb6 16. Ne3 Nge7 17. a4 fxg5 18. Ng4 Ng6 19. Bxg5 Nf4+ 20. Bxf4 exf4
21. a5 Bd4 22. cxd4 Nxd4+ 23. Nxd4 Rxd4 24. a6 b5 25. e5 Rxb4 26. Bf5+ Kb8 27.
Rab1 Rxb1 28. Rxb1 c6 29. Rc1 Kc7 30. Be4 Be8 31. Kf3 Kb6 32. Kxf4 b4 33. e6 c5
34. Ne5 Bb5 35. Nf7 Re8 36. Nd6 Re7 37. Nxb5 Kxb5 38. Ke5 c4 39. Kd6 Re8 40.
Bc6+ {Normal} 1-0